ប្រព័ន្ធវារីរុក្ខជាតិ systematic auatic botany (Record no. 8824)

000 -LEADER
fixed length control field 00333nam a22001217a 4500
040 ## - CATALOGING SOURCE
Transcribing agency HS
082 ## - DEWEY DECIMAL CLASSIFICATION NUMBER
Classification number 581
100 ## - MAIN ENTRY--AUTHOR NAME
Personal name ហ៊ល ថារីន
245 ## - TITLE STATEMENT
Title ប្រព័ន្ធវារីរុក្ខជាតិ systematic auatic botany
260 ## - PUBLICATION, DISTRIBUTION, ETC. (IMPRINT)
Place of publication RUA
Name of publisher ហ៊ល ថារីន
Year of publication 2010
300 ## - PHYSICAL DESCRIPTION
Number of Pages 103p;
942 ## - ADDED ENTRY ELEMENTS (KOHA)
Koha item type សៀវភៅភាសាខ្មែរ
952 ## - LOCATION AND ITEM INFORMATION (KOHA)
Withdrawn status [LOCAL, KOHA] 0
952 ## - LOCATION AND ITEM INFORMATION (KOHA)
Withdrawn status [LOCAL, KOHA] 0
952 ## - LOCATION AND ITEM INFORMATION (KOHA)
Withdrawn status [LOCAL, KOHA] 0
Holdings
Permanent Location Date acquired Koha item type Lost status Shelving location Barcode Current Location Full call number
Library Block C2016-08-16សៀវភៅភាសាខ្មែរ B162RUA43859Library Block C581 ហ៊ល 2010 C162
Library Block C2016-09-06សៀវភៅភាសាខ្មែរ  RUA41047Library Block C581 ហ៊ល 2010
Library Block C2016-09-15សៀវភៅភាសាខ្មែរ C161RUA045198Library Block C581 ហ៊ល 2010 C161
មជ្ឈមណ្ឌលឯការនៃសាកលវិទ្យាល័យភូមិន្ទកសិកម្មចំការដូង

Powered by Koha